Observaciones geologicas en las inmediaciones del Lago San Martin (territorio de Santa Cruz) (Record no. 26130)

MARC details
000 -LEADER
fixed length control field 01122cam a22002651 4500
001 - CONTROL NUMBER
control field gs 21000429
003 - CONTROL NUMBER IDENTIFIER
control field DLC
005 - DATE AND TIME OF LATEST TRANSACTION
control field 20260227111326.0
008 - FIXED-LENGTH DATA ELEMENTS--GENERAL INFORMATION
fixed length control field 870213s1921 ag bf b f000 0 spa c
010 ## - LIBRARY OF CONGRESS CONTROL NUMBER
LC control number gs 21000429
035 ## - SYSTEM CONTROL NUMBER
System control number (OCoLC)15197128
040 ## - CATALOGING SOURCE
Original cataloging agency U.S. Geol. survey. Library
Transcribing agency TxDaM
Modifying agency DLC
042 ## - AUTHENTICATION CODE
Authentication code premarc
050 00 - LIBRARY OF CONGRESS CALL NUMBER
Classification number QE231
Item number .A28 no. 27
100 1# - MAIN ENTRY--PERSONAL NAME
Personal name Bonarelli, Guido,
Dates associated with a name 1871-
245 10 - TITLE STATEMENT
Title Observaciones geologicas en las inmediaciones del Lago San Martin (territorio de Santa Cruz)
Statement of responsibility, etc. por los doctores Guido Bonarelli y Juan José Nágera.
260 ## - PUBLICATION, DISTRIBUTION, ETC.
Place of publication, distribution, etc. Buenos Aires,
Name of publisher, distributor, etc. Talleres Gráficos del Ministerio de Agricultura de la Nación,
Date of publication, distribution, etc. 1921.
300 ## - PHYSICAL DESCRIPTION
Extent 39 p., 1 l.
Other physical details VI pl. (incl. fold. map)
Dimensions 27 cm.
490 0# - SERIES STATEMENT
Series statement [Argentine Republic] Direccion General de Minas, Geología e Hidrología. Boletín
Volume/sequential designation no. 27.
Series statement Ser. B (Geología)
500 ## - GENERAL NOTE
General note At head of title: Ministerio de Agricultura. Dirección General de Minas, Geología e Hidrología.
504 ## - BIBLIOGRAPHY, ETC. NOTE
Bibliography, etc. note "Bibliografía": p. 9-11.
650 #0 - SUBJECT ADDED ENTRY--TOPICAL TERM
Topical term or geographic name entry element Geology
Geographic subdivision Argentina.
650 #0 - SUBJECT ADDED ENTRY--TOPICAL TERM
Topical term or geographic name entry element Paleontology
Geographic subdivision Argentina.
700 1# - ADDED ENTRY--PERSONAL NAME
Personal name Nágera, Juan José.

No items available.

Powered by Koha